000 00894nam a22002657a 4500
001 6872
003 FISKH
005 20250604095559.0
008 250604b cb ||||| |||| 00| 0 eng d
020 _a087577919232
040 _aFISKH
_beng
_cFISKH
_dFISKH
050 _aML3928.D65
082 _a780.9
100 _aDomnauer, Teresa
245 _aMusic around the world :
_bA music adventure /
_cby Teresa Domnauer
260 _aColumbus :
_bSchool Specialty Publishing,
_c2006.
300 _a32 pages :
_bcolor illustrations ;
_c23 cm
505 _aH
520 _aFarkle McBride describes the music of cultures all over the world, from aboriginal hunting songs in Australia to gentle mariachi love songs in Mexico.
521 8 _a430
_bLexile estimate
521 8 _aH
_bRaz-Plus
650 _aInstruments
_vHomeschool
_xWorld music
942 _2ddc
_cBK
_n0
999 _c6872
_d6872